[Event "FIDE Womens World Cup 2021"]
[Site "Sochi"]
[Date "2021.07.14"]
[Round "1.7"]
[White "Narva, Mai"]
[Black "Mammadova, Gulnar"]
[Result "0-1"]
[WhiteElo "2276"]
[BlackElo "2385"]
[Annotator "ChessBase"]
[PlyCount "72"]
[EventDate "2021.07.12"]
[EventType "k.o."]
[EventCountry "RUS"]
[SourceTitle "playchess.com"]
[Source "ChessBase"]
[SourceQuality "1"]
[TimeControl "300+3"]

1. e4 {[%emt 0:00:02]} e5 {[%emt 0:00:01]} 2. Nf3 {[%emt 0:00:02]} Nc6 {[%emt 0:00:01]} 3. Nc3 {[%emt 0:00:01]} Nf6 {[%emt 0:00:01]} 4. g3 {[%emt 0:00:02]} d5 {[%emt 0:00:01]} 5. exd5 {[%emt 0:00:01]} Nxd5 {[%emt 0:00:01]} 6. Bg2 {[%emt 0:00:02]} Nxc3 {[%emt 0:00:01]} 7. bxc3 {[%emt 0:00:01]} Bc5 {[%emt 0:00:01]} 8. O-O {[%emt 0:00:03]} O-O {[%emt 0:00:02]} 9. d3 {[%emt 0:00:02]} h6 {[%emt 0:00:01]} 10. Qe2 {[%emt 0:01:02]} Re8 {[%emt 0:00:19]} 11. Nd2 {[%emt 0:00:22]} Bb6 {[%emt 0:00:32]} 12. Ba3 {[%emt 0:01:09]} Bf5 {[%emt 0:00:25]} 13. Ne4 {[%emt 0:00:13]} Qd7 {[%emt 0:00:42]} 14. Rfe1 {[%emt 0:00:08]} Bg4 {[%emt 0:00:50]} 15. Qd2 {[%emt 0:00:40]} Qf5 {[%emt 0:00:24]} 16. Nc5 {[%emt 0:00:43]} Bxc5 {[%emt 0:00:18]} 17. Bxc5 {[%emt 0:00:02]} Bf3 {[%emt 0:00:02]} 18. Bf1 {[%emt 0:00:57]} b6 {[%emt 0:00:15]} 19. Ba3 {[%emt 0:00:02]} e4 {[%emt 0:00:30]} 20. d4 {[%emt 0:00:10]} Rad8 {[%emt 0:00:05]} 21. Qe3 {[%emt 0:00:06]} Ne7 {[%emt 0:00:31]} 22. c4 {[%emt 0:00:05]} Qf6 {[%emt 0:00:15]} 23. c3 {[%emt 0:00:09]} Nf5 {[%emt 0:00:02]} 24. Qf4 {[%emt 0:00:04]} g5 {[%emt 0:00:07]} 25. Qxc7 {[%emt 0:00:03]} Rc8 {[%emt 0:00:29]} 26. Qb7 {[%emt 0:00:02]} g4 {[%emt 0:00:04]} 27. d5 {[%emt 0:00:04]} e3 {[%emt 0:00:01]} 28. fxe3 {[%emt 0:00:04]} Qxc3 {[%emt 0:00:12]} 29. Qd7 {[%emt 0:00:03]} Nxe3 {[%emt 0:00:08]} 30. Bd6 {[%emt 0:00:04]} Rcd8 {[%emt 0:00:06]} 31. Qc7 {[%emt 0:00:03]} Nf5 {[%emt 0:00:03]} 32. Bf4 {[%emt 0:00:02]} Rxe1 {[%emt 0:00:03]} 33. Qxd8+ {[%emt 0:00:02]} Kh7 34. Rxe1 {[%emt 0:00:03]} Qd4+ {[%emt 0:00:07]} 35. Be3 {[%emt 0:00:04]} Nxe3 {[%emt 0:00:01]} 36. Qd7 {[%emt 0:00:05]} Nc2+ {[%emt 0:00:04]} 0-1

[Event "FIDE Womens World Cup 2021"]
[Site "Sochi"]
[Date "2021.07.12"]
[Round "1.7"]
[White "Azhar, Puteri Munajjah Az-Z"]
[Black "Matnadze, Ana"]
[Result "1/2-1/2"]
[WhiteElo "2046"]
[BlackElo "2421"]
[Annotator "NA"]
[PlyCount "130"]
[EventDate "2021.07.12"]
[EventType "k.o."]
[EventCountry "RUS"]
[SourceTitle "playchess.com"]
[Source "ChessBase"]
[SourceQuality "1"]
[TimeControl "40/5400+30:1800+30"]

1. c4 {[%emt 0:00:04]} e5 {[%emt 0:00:33]} 2. Nc3 {[%emt 0:00:16]} Nc6 {[%emt 0:00:20]} 3. g3 {[%emt 0:00:37]} g6 {[%emt 0:00:40]} 4. Bg2 {[%emt 0:00:13]} Bg7 {[%emt 0:00:05]} 5. d3 {[%emt 0:01:10]} d6 {[%emt 0:02:29]} 6. Nf3 {[%emt 0:02:33]} Nge7 {[%emt 0:02:24]} 7. O-O {[%emt 0:00:52]} O-O {[%emt 0:00:46]} 8. Ne1 {[%emt 0:06:05]} h6 {[%emt 0:03:18]} 9. Nc2 {[%emt 0:05:43]} Be6 {[%emt 0:01:35]} 10. Ne3 {[%emt 0:02:41]} Kh7 {[%emt 0:02:57]} 11. Ned5 {[%emt 0:00:59]} f5 {[%emt 0:02:45]} 12. f4 {[%emt 0:04:24]} a6 {[%emt 0:04:15]} 13. Rb1 {[%emt 0:00:26]} exf4 {[%emt 0:05:22]} 14. gxf4 {[%emt 0:00:34]} Ng8 {[%emt 0:01:58]} 15. e3 $11 {[%emt 0:11:39]} Nb8 {[%emt 0:18:02]} 16. Bd2 {[%emt 0:07:25]} Nd7 {[%emt 0:04:29]} 17. Nb4 {[%emt 0:13:56]} c6 {[%emt 0:04:42]} 18. Qe2 {[%emt 0:09:46]} Re8 {[%emt 0:02:51]} 19. Nc2 {[%emt 0:01:30]} Bf7 {[%emt 0:07:28]} 20. b3 {[%emt 0:02:24]} Ndf6 {[%emt 0:02:25]} 21. d4 {[%emt 0:06:56]} Rc8 {[%emt 0:07:20]} 22. Qd3 {[%emt 0:03:42]} d5 {[%emt 0:04:28]} 23. c5 {[%emt 0:02:04]} Ne4 {[%emt 0:00:08]} 24. Nxe4 {[%emt 0:07:53]} fxe4 {[%emt 0:04:12]} 25. Qe2 {[%emt 0:00:07]} Be6 {[%emt 0:00:14]} 26. Be1 {[%emt 0:04:28]} Rf8 {[%emt 0:00:48]} 27. Kh1 {[%emt 0:00:34]} Qd7 {[%emt 0:00:32]} 28. Bh4 {[%emt 0:00:43]} Bg4 {[%emt 0:00:29]} 29. Qe1 {[%emt 0:00:30]} Rce8 {[%emt 0:04:54]} 30. b4 {[%emt 0:00:40]} Nf6 {[%emt 0:04:29]} 31. a4 {[%emt 0:00:25]} Nh5 {[%emt 0:00:45]} 32. Qd2 {[%emt 0:01:00]} Bf3 {[%emt 0:00:32]} 33. Rg1 {[%emt 0:02:00]} Qh3 {[%emt 0:03:58]} 34. Bxf3 {[%emt 0:01:17]} exf3 {[%emt 0:00:40]} 35. Bf2 {[%emt 0:00:39]} Rf5 {[%emt 0:01:14]} 36. Qd3 {[%emt 0:00:24]} Re4 {[%emt 0:01:30]} 37. Qf1 {[%emt 0:00:17]} Qxf1 {[%emt 0:00:37]} 38. Rgxf1 {[%emt 0:00:44]} g5 {[%emt 0:00:13]} 39. fxg5 {[%emt 0:00:13]} hxg5 {[%emt 0:00:12]} 40. b5 {[%emt 0:01:11]} axb5 {[%emt 0:00:36]} 41. axb5 {[%emt 0:30:08]} Re6 {[%emt 0:32:02]} 42. bxc6 {[%emt 0:01:15]} bxc6 {[%emt 0:00:32]} 43. Rb6 {[%emt 0:00:00]} Nf6 {[%emt 0:00:00]} 44. Nb4 {[%emt 0:00:00]} Ne4 {[%emt 0:00:00]} 45. Kg1 {[%emt 0:00:00]} Rff6 {[%emt 0:00:00]} 46. Be1 {[%emt 0:00:00]} g4 {[%emt 0:00:00]} 47. Nd3 {[%emt 0:00:00]} Bh6 {[%emt 0:00:00]} 48. Rb7+ {[%emt 0:00:00]} Kg6 {[%emt 0:00:00]} 49. Ne5+ {[%emt 0:00:00]} Kf5 {[%emt 0:00:00]} 50. Rb3 {[%emt 0:00:00]} Rxe5 {[%emt 0:00:00]} 51. dxe5 {[%emt 0:00:00]} Kxe5 {[%emt 0:00:00]} 52. Bc3+ {[%emt 0:00:00]} Nxc3 {[%emt 0:00:00]} 53. Rxc3 {[%emt 0:00:00]} d4 {[%emt 0:00:00]} 54. exd4+ {[%emt 0:00:00]} Kxd4 {[%emt 0:00:00]} 55. Ra3 {[%emt 0:00:00]} Be3+ {[%emt 0:00:08]} 56. Kh1 {[%emt 0:00:00]} g3 {[%emt 0:03:50]} 57. Ra4+ {[%emt 0:00:05]} Kxc5 {[%emt 0:01:28]} 58. hxg3 {[%emt 0:00:11]} Bd4 {[%emt 0:00:40]} 59. Ra5+ {[%emt 0:00:22]} Kc4 {[%emt 0:00:26]} 60. g4 {[%emt 0:02:53]} c5 {[%emt 0:00:08]} 61. g5 {[%emt 0:00:33]} Rf5 {[%emt 0:01:31]} 62. Ra3 {[%emt 0:03:33]} Rxg5 {[%emt 0:01:13]} 63. Raxf3 {[%emt 0:00:18]} Rg8 {[%emt 0:00:34]} 64. Rc1+ {[%emt 0:00:32]} Kd5 {[%emt 0:00:05]} 65. Rf5+ {[%emt 0:00:26]} Ke4 {[%emt 0:00:30]} 1/2-1/2

[Event "FIDE Womens World Cup 2021"]
[Site "Sochi"]
[Date "2021.07.14"]
[Round "1.8"]
[White "Mammadova, Gulnar"]
[Black "Narva, Mai"]
[Result "1/2-1/2"]
[WhiteElo "2385"]
[BlackElo "2276"]
[Annotator "ChessBase"]
[PlyCount "79"]
[EventDate "2021.07.12"]
[EventType "k.o."]
[EventCountry "RUS"]
[SourceTitle "playchess.com"]
[Source "ChessBase"]
[SourceQuality "1"]
[TimeControl "300+3"]

1. d4 {[%emt 0:00:02]} g6 {[%emt 0:00:07]} 2. Nf3 {[%emt 0:00:02]} Bg7 {[%emt 0:00:02]} 3. Bf4 {[%emt 0:00:04]} Nf6 {[%emt 0:00:02]} 4. Nc3 {[%emt 0:00:13]} d5 {[%emt 0:00:16]} 5. e3 {[%emt 0:00:19]} O-O {[%emt 0:00:03]} 6. h4 {[%emt 0:00:06]} h5 {[%emt 0:00:42]} 7. Be2 {[%emt 0:00:09]} c5 {[%emt 0:00:18]} 8. Ne5 {[%emt 0:00:19]} Nc6 {[%emt 0:00:08]} 9. O-O {[%emt 0:00:28]} cxd4 {[%emt 0:00:47]} 10. exd4 {[%emt 0:00:01]} Qb6 {[%emt 0:00:19]} 11. Nxc6 {[%emt 0:00:19]} Qxc6 {[%emt 0:00:17]} 12. Be5 {[%emt 0:00:16]} Bf5 {[%emt 0:00:12]} 13. Bd3 {[%emt 0:00:38]} Bg4 {[%emt 0:00:19]} 14. Be2 {[%emt 0:00:04]} Be6 {[%emt 0:00:11]} 15. Bf3 {[%emt 0:00:06]} Rac8 {[%emt 0:00:08]} 16. Qe2 {[%emt 0:00:17]} Rfd8 {[%emt 0:00:27]} 17. a4 {[%emt 0:00:10]} a6 {[%emt 0:00:11]} 18. a5 {[%emt 0:00:06]} Bh6 {[%emt 0:00:08]} 19. Ra3 {[%emt 0:00:25]} Ng4 {[%emt 0:00:06]} 20. Bg3 {[%emt 0:00:16]} Bg7 {[%emt 0:00:08]} 21. Rd1 {[%emt 0:00:07]} Bf5 {[%emt 0:00:14]} 22. Rb3 {[%emt 0:00:24]} e6 {[%emt 0:00:04]} 23. Rb6 {[%emt 0:00:10]} Qd7 {[%emt 0:00:02]} 24. Bxg4 {[%emt 0:00:17]} hxg4 {[%emt 0:00:10]} 25. Bf4 {[%emt 0:00:17]} Rc4 {[%emt 0:00:21]} 26. Be3 {[%emt 0:00:06]} Rdc8 {[%emt 0:00:10]} 27. Rd2 {[%emt 0:00:01]} Qc7 {[%emt 0:00:10]} 28. g3 {[%emt 0:00:05]} Bf8 {[%emt 0:00:08]} 29. Bf4 {[%emt 0:00:04]} Qd7 {[%emt 0:00:01]} 30. Be5 {[%emt 0:00:21]} Bb4 {[%emt 0:00:05]} 31. Qe3 {[%emt 0:00:07]} Kh7 {[%emt 0:00:01]} 32. Qg5 {[%emt 0:00:09]} Bxc3 {[%emt 0:00:15]} 33. bxc3 {[%emt 0:00:01]} Rxc3 {[%emt 0:00:03]} 34. h5 {[%emt 0:00:01]} Rxc2 {[%emt 0:00:06]} 35. hxg6+ {[%emt 0:00:01]} fxg6 {[%emt 0:00:03]} 36. Qh4+ {[%emt 0:00:02]} Kg8 {[%emt 0:00:01]} 37. Qh8+ {[%emt 0:00:01]} Kf7 {[%emt 0:00:01]} 38. Qf6+ {[%emt 0:00:02]} Ke8 {[%emt 0:00:03]} 39. Qh8+ {[%emt 0:00:01]} Ke7 {[%emt 0:00:03]} 40. Qf6+ {[%emt 0:00:00]} 1/2-1/2

[Event "FIDE Womens World Cup 2021"]
[Site "Sochi"]
[Date "2021.07.12"]
[Round "1.8"]
[White "Mezioud, Amina"]
[Black "Osmak, Iulija"]
[Result "0-1"]
[WhiteElo "2071"]
[BlackElo "2418"]
[Annotator "NA"]
[PlyCount "100"]
[EventDate "2021.07.12"]
[EventType "k.o."]
[EventCountry "RUS"]
[SourceTitle "playchess.com"]
[Source "ChessBase"]
[SourceQuality "1"]
[TimeControl "40/5400+30:1800+30"]

1. e4 {[%emt 0:00:05]} c5 {[%emt 0:00:07]} 2. c3 {[%emt 0:01:57]} Nf6 {[%emt 0:00:32]} 3. e5 {[%emt 0:00:15]} Nd5 {[%emt 0:00:04]} 4. d4 {[%emt 0:00:05]} cxd4 {[%emt 0:00:06]} 5. cxd4 {[%emt 0:00:06]} d6 {[%emt 0:00:19]} 6. Nf3 {[%emt 0:01:13]} e6 {[%emt 0:01:12]} 7. Nc3 {[%emt 0:03:44]} Nxc3 {[%emt 0:01:59]} 8. bxc3 {[%emt 0:00:08]} Nc6 {[%emt 0:02:00]} 9. exd6 {[%emt 0:02:47]} Bxd6 {[%emt 0:02:59]} 10. Bd3 {[%emt 0:00:07]} h6 {[%emt 0:04:08]} 11. O-O {[%emt 0:00:28]} O-O {[%emt 0:03:33]} 12. Bc2 {[%emt 0:06:59]} Ne7 {[%emt 0:08:50]} 13. Qd3 {[%emt 0:02:40]} Ng6 {[%emt 0:00:22]} 14. Re1 {[%emt 0:02:11]} Bd7 {[%emt 0:01:26]} 15. a4 {[%emt 0:07:41]} Rc8 {[%emt 0:03:58]} 16. Ne5 {[%emt 0:03:42]} Bxe5 {[%emt 0:01:29]} 17. Rxe5 {[%emt 0:02:09]} Bc6 {[%emt 0:07:37]} 18. c4 {[%emt 0:14:15]} Qh4 $16 {[%emt 0:12:51]} (18... Re8 $11) 19. d5 {[%emt 0:24:12]} Bxd5 {[%emt 0:11:47]} 20. cxd5 {[%emt 0:05:19]} Rxc2 {[%emt 0:00:07]} 21. Qxc2 {[%emt 0:00:05]} Nxe5 {[%emt 0:00:06]} 22. Bb2 {[%emt 0:14:09]} Qc4 {[%emt 0:05:40]} 23. Qd2 {[%emt 0:02:02]} Nd3 {[%emt 0:01:57]} 24. Ba3 {[%emt 0:00:21]} Rd8 {[%emt 0:00:25]} 25. d6 {[%emt 0:00:17]} Nf4 {[%emt 0:05:27]} 26. a5 {[%emt 0:05:15]} Qd4 {[%emt 0:10:06]} 27. Qxd4 {[%emt 0:00:43]} Ne2+ {[%emt 0:00:03]} 28. Kf1 {[%emt 0:00:03]} Nxd4 {[%emt 0:00:04]} 29. Rd1 {[%emt 0:01:13]} Nb5 {[%emt 0:01:03]} 30. Bc5 {[%emt 0:00:21]} Rd7 {[%emt 0:01:50]} 31. Bb4 {[%emt 0:00:01]} f6 {[%emt 0:00:52]} 32. f4 {[%emt 0:00:57]} Kf7 {[%emt 0:00:37]} 33. Kf2 {[%emt 0:00:08]} a6 {[%emt 0:03:12]} 34. Ke3 {[%emt 0:00:07]} Ke8 {[%emt 0:03:57]} 35. Ke4 {[%emt 0:00:37]} Rd8 {[%emt 0:00:20]} 36. f5 {[%emt 0:01:24]} Kd7 {[%emt 0:00:26]} 37. g4 {[%emt 0:00:38]} Rc8 {[%emt 0:04:23]} 38. fxe6+ {[%emt 0:00:05]} Kxe6 {[%emt 0:00:03]} 39. Kf3 {[%emt 0:00:59]} Kd7 {[%emt 0:00:47]} 40. h4 {[%emt 0:00:25]} Rc4 {[%emt 0:00:32]} 41. Rb1 {[%emt 0:30:34]} g5 {[%emt 0:32:02]} 42. hxg5 {[%emt 0:00:09]} hxg5 {[%emt 0:00:18]} 43. Rb2 {[%emt 0:00:46]} Rd4 {[%emt 0:01:16]} 44. Rb1 {[%emt 0:00:15]} Rd5 {[%emt 0:00:30]} 45. Rb2 {[%emt 0:00:00]} Nxd6 {[%emt 0:00:00]} 46. Bxd6 {[%emt 0:00:00]} Kxd6 {[%emt 0:00:00]} 47. Rxb7 {[%emt 0:00:00]} Rxa5 {[%emt 0:00:00]} 48. Ke4 {[%emt 0:00:00]} Ra4+ {[%emt 0:00:00]} 49. Kf5 {[%emt 0:00:00]} Rf4+ {[%emt 0:00:00]} 50. Kg6 {[%emt 0:00:00]} a5 {[%emt 0:00:00]} 0-1

[Event "FIDE Womens World Cup 2021"]
[Site "Sochi"]
[Date "2021.07.12"]
[Round "1.9"]
[White "Cyfka, Karina"]
[Black "Demchenko, Svitlana"]
[Result "1/2-1/2"]
[WhiteElo "2417"]
[BlackElo "2089"]
[Annotator "NA"]
[PlyCount "83"]
[EventDate "2021.07.12"]
[EventType "k.o."]
[EventCountry "RUS"]
[SourceTitle "playchess.com"]
[Source "ChessBase"]
[SourceQuality "1"]
[TimeControl "40/5400+30:1800+30"]

1. d4 {[%emt 0:00:05]} Nf6 {[%emt 0:00:14]} 2. c4 {[%emt 0:00:16]} e6 {[%emt 0:00:12]} 3. Nf3 {[%emt 0:00:13]} Bb4+ {[%emt 0:00:15]} 4. Nbd2 {[%emt 0:00:47]} b6 {[%emt 0:01:30]} 5. g3 {[%emt 0:01:32]} Bb7 {[%emt 0:00:29]} 6. Bg2 {[%emt 0:00:12]} O-O {[%emt 0:05:50]} 7. O-O {[%emt 0:00:11]} d5 {[%emt 0:02:27]} 8. cxd5 {[%emt 0:08:34]} exd5 {[%emt 0:03:08]} 9. Ne5 {[%emt 0:01:08]} Nbd7 {[%emt 0:01:50]} 10. Ndf3 {[%emt 0:04:29]} Bd6 {[%emt 0:03:49]} 11. Bg5 {[%emt 0:21:11]} Qe8 {[%emt 0:09:54]} 12. Nxd7 {[%emt 0:00:55]} Nxd7 $11 {[%emt 0:00:17]} 13. Rc1 {[%emt 0:04:27]} Qe6 {[%emt 0:10:11]} 14. Qd3 {[%emt 0:07:35]} Rfe8 {[%emt 0:11:55]} 15. Rfe1 {[%emt 0:02:52]} c5 {[%emt 0:05:57]} 16. Bf4 {[%emt 0:07:32]} h6 {[%emt 0:07:28]} 17. Bxd6 {[%emt 0:04:36]} Qxd6 {[%emt 0:00:20]} 18. dxc5 {[%emt 0:04:10]} bxc5 {[%emt 0:01:50]} 19. Nd2 {[%emt 0:01:38]} Rab8 {[%emt 0:06:06]} 20. b3 {[%emt 0:08:11]} Ne5 {[%emt 0:10:04]} 21. Qc2 {[%emt 0:00:45]} Ba6 {[%emt 0:03:36]} 22. h3 {[%emt 0:10:01]} Rbc8 {[%emt 0:05:06]} 23. f4 {[%emt 0:02:26]} Nd7 {[%emt 0:00:13]} 24. e4 {[%emt 0:00:35]} Qg6 {[%emt 0:01:54]} 25. Kh2 {[%emt 0:00:57]} d4 {[%emt 0:01:03]} 26. e5 {[%emt 0:01:32]} Bd3 {[%emt 0:04:58]} 27. Qb2 {[%emt 0:02:32]} f6 {[%emt 0:00:21]} 28. e6 {[%emt 0:00:57]} Nb6 {[%emt 0:00:11]} 29. Qa3 {[%emt 0:01:34]} Qf5 {[%emt 0:01:14]} 30. Nf3 {[%emt 0:01:06]} g5 {[%emt 0:00:46]} 31. fxg5 {[%emt 0:01:18]} hxg5 {[%emt 0:00:30]} 32. e7 {[%emt 0:00:33]} Be4 {[%emt 0:01:22]} 33. Qxa7 {[%emt 0:01:33]} Bxf3 {[%emt 0:00:46]} 34. Qxb6 {[%emt 0:00:13]} Bxg2 {[%emt 0:00:27]} 35. Kxg2 {[%emt 0:00:04]} Qd5+ {[%emt 0:00:27]} 36. Kg1 {[%emt 0:00:50]} Rc6 {[%emt 0:00:01]} 37. Qb5 {[%emt 0:00:44]} Qf3 {[%emt 0:00:50]} 38. Kh2 {[%emt 0:00:32]} Qf2+ {[%emt 0:00:15]} 39. Kh1 {[%emt 0:00:03]} Qf3+ {[%emt 0:00:13]} 40. Kh2 {[%emt 0:00:03]} Qf2+ {[%emt 0:00:15]} 41. Kh1 {[%emt 0:30:01]} Qf3+ {[%emt 0:31:27]} 42. Kh2 {[%emt 0:00:05]} 1/2-1/2

[Event "FIDE Womens World Cup 2021"]
[Site "Sochi"]
[Date "2021.07.12"]
[Round "1.10"]
[White "Varela La Madrid, Tilsia Carolina"]
[Black "Guichard, Pauline"]
[Result "1-0"]
[WhiteElo "2072"]
[BlackElo "2413"]
[Annotator "NA"]
[PlyCount "151"]
[EventDate "2021.07.12"]
[EventType "k.o."]
[EventCountry "RUS"]
[SourceTitle "playchess.com"]
[Source "ChessBase"]
[SourceQuality "1"]
[TimeControl "40/5400+30:1800+30"]

1. e4 {[%emt 0:00:04]} e5 {[%emt 0:00:05]} 2. Nf3 {[%emt 0:00:05]} Nc6 {[%emt 0:00:05]} 3. Nc3 {[%emt 0:00:07]} Nf6 {[%emt 0:00:53]} 4. Bb5 {[%emt 0:00:21]} Nd4 {[%emt 0:01:47]} 5. O-O {[%emt 0:00:36]} c6 {[%emt 0:05:37]} 6. Bc4 {[%emt 0:11:21]} d5 {[%emt 0:07:47]} 7. exd5 {[%emt 0:02:05]} cxd5 {[%emt 0:00:22] [#]} 8. Nxd4 {[%emt 0:09:30]} (8. Nxd5 $1 $16 Nxd5 9. Nxd4) 8... dxc4 {[%emt 0:00:25]} 9. Nf3 {[%emt 0:01:23]} Bd6 {[%emt 0:07:01]} 10. Qe2 {[%emt 0:01:56]} (10. d4 $14 e4 11. Qe2) 10... Bg4 {[%emt 0:08:24]} 11. Qxc4 {[%emt 0:11:21]} ({White should try} 11. h3 $14 Bxf3 12. Qxf3) 11... Bxf3 {[%emt 0:01:20]} 12. gxf3 {[%emt 0:00:07]} O-O {[%emt 0:00:42]} 13. d3 {[%emt 0:01:57]} Rc8 {[%emt 0:03:36]} 14. Qh4 {[%emt 0:02:37]} Be7 {[%emt 0:01:43]} 15. Bg5 {[%emt 0:01:45]} Rc6 {[%emt 0:05:17]} 16. Kh1 {[%emt 0:06:15]} Nd5 {[%emt 0:06:09]} 17. Bxe7 $15 {[%emt 0:01:23]} Nxe7 {[%emt 0:00:21]} 18. Rg1 {[%emt 0:04:22]} Ng6 {[%emt 0:10:31]} 19. Qg3 {[%emt 0:07:11]} Qh4 {[%emt 0:12:50]} 20. Rae1 {[%emt 0:00:50]} Rd8 {[%emt 0:03:29]} 21. Re4 {[%emt 0:12:46]} Qh6 {[%emt 0:00:07]} 22. Qg5 {[%emt 0:02:01]} Qxg5 {[%emt 0:05:00]} 23. Rxg5 {[%emt 0:00:06]} f6 {[%emt 0:02:56]} 24. Rg1 {[%emt 0:01:01]} Kf7 {[%emt 0:01:54]} 25. Rb4 {[%emt 0:05:26]} b6 {[%emt 0:01:25]} 26. a4 {[%emt 0:00:53]} Rd4 {[%emt 0:01:54]} 27. Rg4 {[%emt 0:00:42]} Rd7 {[%emt 0:03:40]} 28. Rgc4 {[%emt 0:06:09]} Re6 {[%emt 0:00:07]} 29. a5 {[%emt 0:03:54]} bxa5 {[%emt 0:01:49]} 30. Rb5 {[%emt 0:00:20]} Ne7 {[%emt 0:01:58]} 31. Rxa5 {[%emt 0:01:24]} Nc6 {[%emt 0:00:08]} 32. Ra6 {[%emt 0:00:50]} Nd4 {[%emt 0:00:21]} 33. Rxe6 {[%emt 0:00:12]} Kxe6 {[%emt 0:00:10]} 34. Ne4 {[%emt 0:00:21]} Kf7 {[%emt 0:02:55]} 35. Kg2 {[%emt 0:00:23]} Ne2 {[%emt 0:02:12]} 36. b4 {[%emt 0:01:24]} f5 {[%emt 0:00:40]} 37. Ng3 {[%emt 0:02:50]} Nf4+ {[%emt 0:00:11]} 38. Kf1 {[%emt 0:00:17]} Kf6 {[%emt 0:02:25]} 39. Ne2 {[%emt 0:00:39]} Ne6 {[%emt 0:00:34]} 40. f4 {[%emt 0:00:31]} g5 {[%emt 0:00:43]} 41. fxe5+ {[%emt 0:31:40]} Kxe5 {[%emt 0:30:07]} 42. Ng1 {[%emt 0:01:27]} g4 {[%emt 0:00:48]} 43. f3 {[%emt 0:00:43]} h5 {[%emt 0:00:32]} 44. Kf2 Rd6 {[%emt 0:00:00]} 45. Ne2 {[%emt 0:00:00]} Ra6 {[%emt 0:00:00]} 46. f4+ {[%emt 0:00:00]} Kf6 {[%emt 0:00:00]} 47. d4 {[%emt 0:00:00]} Ra3 {[%emt 0:00:00]} 48. d5 {[%emt 0:00:00]} Rf3+ {[%emt 0:00:00]} 49. Kg2 {[%emt 0:00:00]} Re3 {[%emt 0:00:00]} 50. Ng3 {[%emt 0:00:00]} h4 {[%emt 0:00:00]} 51. Rc6 {[%emt 0:00:00]} hxg3 {[%emt 0:00:00]} 52. hxg3 {[%emt 0:00:00]} Kf7 {[%emt 0:00:00]} 53. Rxe6 {[%emt 0:00:00]} Rc3 {[%emt 0:00:00]} 54. Rc6 {[%emt 0:00:00]} Re3 {[%emt 0:00:00]} 55. Kf2 {[%emt 0:00:00]} Rf3+ {[%emt 0:00:18]} 56. Kg2 {[%emt 0:00:00]} Re3 {[%emt 0:00:03]} 57. Rc7+ {[%emt 0:00:00]} Kf6 {[%emt 0:01:49]} 58. d6 {[%emt 0:00:00]} Re2+ {[%emt 0:00:18]} 59. Kf1 {[%emt 0:00:00]} Re3 {[%emt 0:01:08]} 60. Kf2 {[%emt 0:00:00]} Rf3+ {[%emt 0:00:08]} 61. Kg2 {[%emt 0:00:00]} Ke6 {[%emt 0:00:14]} 62. d7 {[%emt 0:00:00]} Ke7 {[%emt 0:00:07]} 63. c4 {[%emt 0:00:00]} Rb3 {[%emt 0:05:06]} 64. c5 {[%emt 0:00:00]} a5 {[%emt 0:00:47]} 65. bxa5 {[%emt 0:00:00]} Kd8 {[%emt 0:00:13]} 66. Ra7 {[%emt 0:00:00]} Rc3 {[%emt 0:01:11]} 67. a6 {[%emt 0:00:00]} Rxc5 {[%emt 0:00:46]} 68. Rb7 {[%emt 0:00:00]} Rc2+ {[%emt 0:00:41]} 69. Kf1 {[%emt 0:00:00]} Rc1+ {[%emt 0:00:18]} 70. Ke2 {[%emt 0:00:00]} Rc2+ {[%emt 0:00:06]} 71. Kd3 {[%emt 0:00:00]} Ra2 {[%emt 0:00:06]} 72. a7 {[%emt 0:00:00]} Ra3+ {[%emt 0:00:06]} 73. Kd4 {[%emt 0:00:00]} Ra4+ {[%emt 0:00:09]} 74. Kc5 {[%emt 0:00:00]} Ra5+ {[%emt 0:00:18]} 75. Kc6 {[%emt 0:00:00]} Ra6+ {[%emt 0:00:21]} 76. Rb6 {[%emt 0:00:00]} 1-0

[Event "FIDE Womens World Cup 2021"]
[Site "Sochi"]
[Date "2021.07.12"]
[Round "1.11"]
[White "Buksa, Nataliya"]
[Black "Latreche, Sabrina"]
[Result "1-0"]
[WhiteElo "2413"]
[BlackElo "2076"]
[Annotator "NA"]
[PlyCount "95"]
[EventDate "2021.07.12"]
[EventType "k.o."]
[EventCountry "RUS"]
[SourceTitle "playchess.com"]
[Source "ChessBase"]
[SourceQuality "1"]
[TimeControl "40/5400+30:1800+30"]

1. e4 {[%emt 0:00:03]} e5 {[%emt 0:00:07]} 2. Nf3 {[%emt 0:00:05]} Nc6 {[%emt 0:00:16]} 3. Bb5 {[%emt 0:00:05]} a6 {[%emt 0:00:48]} 4. Ba4 {[%emt 0:00:06]} Nf6 {[%emt 0:00:58]} 5. O-O {[%emt 0:00:26]} b5 {[%emt 0:02:13]} 6. Bb3 {[%emt 0:00:04]} Bc5 {[%emt 0:01:22]} 7. c3 {[%emt 0:04:59]} d6 {[%emt 0:00:44]} 8. d4 {[%emt 0:02:46]} Bb6 {[%emt 0:03:41]} 9. h3 {[%emt 0:01:06]} O-O {[%emt 0:06:45]} 10. Re1 {[%emt 0:14:31]} h6 {[%emt 0:05:11]} 11. Be3 {[%emt 0:03:43]} exd4 {[%emt 0:04:51]} 12. cxd4 {[%emt 0:00:23]} Na5 {[%emt 0:04:00]} ({Don't blunder} 12... Nxe4 $2 13. Bd5 $18) 13. Bc2 $11 {[%emt 0:00:13]} Bb7 {[%emt 0:05:06]} 14. Nbd2 {[%emt 0:05:24]} Re8 {[%emt 0:09:04]} 15. Qb1 {[%emt 0:19:55]} d5 {[%emt 0:16:19]} 16. e5 {[%emt 0:03:38]} Nd7 {[%emt 0:00:07]} 17. b3 {[%emt 0:05:40]} Nf8 {[%emt 0:05:37]} 18. Nf1 {[%emt 0:00:52]} Ne6 {[%emt 0:05:17]} 19. Ng3 {[%emt 0:00:47]} Nc6 {[%emt 0:00:47]} 20. Qd1 {[%emt 0:02:26]} Nb4 {[%emt 0:06:00]} 21. Bb1 {[%emt 0:08:28]} c5 {[%emt 0:02:49]} 22. dxc5 {[%emt 0:04:13]} d4 {[%emt 0:04:37]} 23. Nxd4 {[%emt 0:02:11]} Bxc5 {[%emt 0:03:40]} 24. Ngf5 {[%emt 0:07:31]} Bxd4 {[%emt 0:01:21]} 25. Nxd4 {[%emt 0:04:33]} Nxd4 {[%emt 0:00:44]} 26. Qxd4 {[%emt 0:00:05]} Qxd4 {[%emt 0:00:36]} 27. Bxd4 {[%emt 0:00:03]} Rad8 {[%emt 0:00:32]} 28. Bb6 {[%emt 0:02:09]} Rc8 {[%emt 0:03:02]} 29. Be4 {[%emt 0:02:41]} Bxe4 {[%emt 0:02:28]} 30. Rxe4 {[%emt 0:00:04]} Nd3 {[%emt 0:00:40]} 31. Re3 {[%emt 0:02:52]} Nb4 {[%emt 0:02:07]} 32. Re4 {[%emt 0:01:34]} Nd3 {[%emt 0:00:25]} 33. Bd4 {[%emt 0:00:16]} Rc2 {[%emt 0:01:30]} 34. a4 {[%emt 0:00:47]} Nc1 {[%emt 0:01:09]} 35. axb5 {[%emt 0:01:24]} axb5 {[%emt 0:00:06]} 36. Ra7 {[%emt 0:01:13]} Ne2+ {[%emt 0:01:38]} 37. Kh2 {[%emt 0:00:03]} Nxd4 {[%emt 0:00:07]} 38. Rxd4 {[%emt 0:00:03]} Rxe5 {[%emt 0:01:15]} 39. Rd8+ {[%emt 0:00:14]} Kh7 {[%emt 0:00:04]} 40. Rxf7 {[%emt 0:00:04]} Ree2 {[%emt 0:00:45]} 41. Rdd7 {[%emt 0:31:06]} Rxf2 {[%emt 0:02:23]} 42. Rxg7+ {[%emt 0:00:00]} Kh8 {[%emt 0:00:09]} 43. Rg6 {[%emt 0:00:00]} Rb2 {[%emt 0:04:43]} 44. Rxh6+ {[%emt 0:00:00]} Kg8 {[%emt 0:00:05]} 45. Rg6+ {[%emt 0:00:00]} Kf8 {[%emt 0:00:10]} 46. Rg3 {[%emt 0:00:00]} Rf1 {[%emt 0:00:43]} 47. Rc3 {[%emt 0:00:00]} Ke8 {[%emt 0:00:17]} 48. Rb7 {[%emt 0:00:00]} 1-0